| 000 | 01037nam a22003014i 4500 | ||
|---|---|---|---|
| 999 |
_c7754 _d7754 |
||
| 001 | 991060995202606706 | ||
| 003 | OSt | ||
| 005 | 20230717134356.0 | ||
| 008 | 230622e202305 spcao|||||||| 000 0|spa|c | ||
| 017 |
_aDL B 10111-2023 _bBiblioteca de Catalunya |
||
| 020 | _a9788491809807 | ||
| 040 |
_aES-BaUB _bcat _erda _cCDMR |
||
| 245 | 0 | 3 |
_aLa inteligencia artificial en el periodismo : _bmapping de conceptos, casos y recomendaciones / _cSantiago Tejedor (dir.), Cristina Pulido, Elena Hita, Kelly Robledo ; prólogo de Ramón Salaverría |
| 264 | 1 |
_aBarcelona : _bUOC, _c2023 |
|
| 300 |
_a189 pàgines ; _c24 cm |
||
| 490 | 1 |
_aComunicación ; _v718 |
|
| 504 | _aBibliografia | ||
| 650 | 7 |
_aIntel·ligència artificial. _2lemac |
|
| 650 | 0 |
_aPeriodisme _2lemac _92272 _xInnovacions tecnològiques |
|
| 700 | 1 | _aTejedor, Santiago | |
| 700 | 1 | _aPulido, Cristina. | |
| 700 | 1 | _aHita, Elena | |
| 700 | 1 | _aRobledo, Kelly | |
| 700 | 1 |
_aSalaverría, Ramón _93427 |
|
| 908 |
_aUB _aUOC _aURL _aUB _aUAB |
||
| 940 | _aUB | ||
| 942 |
_2udc _cMON |
||